Geography Quiz

Random Geography or State Quiz

U.S. State Hopping Quiz Stats

 Plays Quiz not verified by Sporcle

Challenge
Share
Tweet
Embed
Score 0/20 Timer 04:00
0 Plays Today
Trip Details State Visited % Correct
????
100%
????
84.6%
????
84.2%
????
82.2%
????
77.2%
????
76.3%
????
73.9%
????
66.4%
????
64.3%
????
62.7%
Trip Details State Visited % Correct
????
61%
????
59.8%
????
58.9%
????
56.8%
????
53.1%
????
51.9%
????
51%
????
50.2%
????
49.4%
????
49.4%

You're not logged in!

Compare scores with friends on all Sporcle quizzes.
Join for Free
OR
Log In

You Might Also Like...

Show Comments

Extras

Top Quizzes Today


Score Distribution

Your Account Isn't Verified!

In order to create a playlist on Sporcle, you need to verify the email address you used during registration. Go to your Sporcle Settings to finish the process.

Report this User

Report this user for behavior that violates our Community Guidelines.

Details: